[Event "Titled Tue 26th Aug Late"]
[Site "chess.com INT"]
[Date "2025.08.26"]
[Round "8"]
[White "Fernandes, Rogerio Paulo Muller"]
[Black "Do Carmo, Gabriel Carckeno"]
[Result "1-0"]
[WhiteElo "2241"]
[BlackElo "2051"]
[WhiteFideId "2101599"]
[BlackFideId "22783024"]
[EventDate "2025.08.26"]

1. c4 c5 2. g3 Nc6 3. Bg2 g6 4. Nf3 Bg7 5. O-O e5 6. Nc3 Nge7 7. d3 d6 8. a3 a5
9. Rb1 Rb8 10. Bd2 O-O 11. Ne1 Be6 12. Nd5 b5 13. Nxe7+ Nxe7 14. cxb5 Rxb5 15.
Qa4 Qb6 16. b4 axb4 17. axb4 cxb4 18. Rxb4 Rb8 19. Nc2 Nd5 20. Rxb5 Qxb5 21.
Qxb5 Rxb5 22. Ne3 Nxe3 23. Bxe3 Rb2 24. Bf3 d5 25. Ra1 f5 26. Ra8+ Kf7 27. Ra7+
Kf6 28. h4 h6 29. Bc5 Rb1+ 30. Kh2 g5 31. Bh5 Bc8 32. Rf7+ Ke6 33. Rxg7 e4 34.
dxe4 dxe4 35. hxg5 hxg5 36. Be3 g4 37. Rc7 Bb7 38. Rc2 Bd5 39. Be8 Rb8 40. Bc6
Bb3 41. Rb2 Rh8+ 42. Kg2 Bc4 43. Bb5 Bd5 44. Rc2 Rh7 45. Bc4 Rb7 46. Bxd5+ Kxd5
47. Rc5+ Ke6 48. Bf4 Rb6 49. Re5+ Kf6 50. e3 Rb2 51. Ra5 Rb6 52. Ra8 Rc6 53.
Rf8+ Ke6 54. Rh8 Kd5 55. Rh5 Rf6 56. Bg5 Rf7 57. Kf1 Kc4 58. Ke2 Ra7 59. Kf1
Ra1+ 60. Kg2 Kd3 61. Bf6 Ra5 62. Bd4 Rb5 63. Rg5 Ke2 64. Bg7 Kd3 65. Bf8 Ke2 66.
Bd6 Kd3 67. Bf4 Ke2 68. Bc7 Kd3 69. Rg6 Rc5 70. Bf4 Ke2 71. Ra6 Rc2 72. Ra3 Ke1
73. Ra1+ Ke2 74. Be5 Kd3 75. Bd4 1-0

[Event "Titled Tue 26th Aug Late"]
[Site "chess.com INT"]
[Date "2025.08.26"]
[Round "8"]
[White "Mesquita, Eduardo Barbosa"]
[Black "Schuster, Karsten"]
[Result "1-0"]
[BlackTitle "FM"]
[WhiteElo "2060"]
[BlackElo "2266"]
[WhiteFideId "22757163"]
[BlackFideId "4611071"]
[EventDate "2025.08.26"]

1. e4 d5 2. exd5 Qxd5 3. Nc3 Qd8 4. Nf3 Nf6 5. Bc4 Bf5 6. O-O e6 7. Qe2 Be7 8.
d4 O-O 9. Rd1 Bg4 10. d5 exd5 11. Nxd5 Bd6 12. Bg5 Nbd7 13. Ne3 Bh5 14. Bd5 Qc8
15. Nf5 Ne5 16. Nxd6 cxd6 17. Bxf6 gxf6 18. Rd4 Qf5 19. Qe4 Nxf3+ 20. gxf3 Qe5
21. Qxe5 fxe5 22. Rh4 Bg6 23. c4 Rad8 24. b3 b6 25. Rd1 Kg7 26. f4 f6 27. f3 a5
28. Kf2 f5 29. Bc6 Kf6 30. Ke3 Ke6 31. fxe5 dxe5 32. Bd5+ Kf6 33. f4 Rfe8 34.
fxe5+ Rxe5+ 35. Kf3 Rde8 36. Rd3 Re1 37. a4 Rf1+ 38. Kg2 Ree1 39. Rd2 f4 40. Rf2
Rg1+ 41. Kf3 Rgf1 42. Rxf4+ Ke5 43. Kg3 Rg1+ 44. Kh3 Re3+ 45. R2f3 Rge1 46.
Rxe3+ Rxe3+ 47. Rf3 Re2 48. Kg3 Kd4 49. h4 Kc5 50. Rf6 Re3+ 51. Kf4 Rxb3 52. Kg5
Rg3+ 53. Kf4 Rh3 54. Rc6+ Kd4 55. Rxb6 Rxh4+ 56. Kg5 Rh5+ 57. Kf6 Rf5+ 58. Ke6
Rf2 59. Rb5 Re2+ 60. Kf6 Bd3 61. Rxa5 h6 62. Ra7 h5 63. Kg5 Re5+ 64. Kh4 Be2 65.
Rh7 Kc5 66. a5 Rf5 67. a6 Rf4+ 68. Kh3 Rf3+ 69. Kh2 Ra3 70. a7 Kd4 71. a8=Q Rxa8
72. Bxa8 Kxc4 73. Kg3 Kd4 74. Bf3 Bd3 75. Rxh5 Ke3 76. Re5+ Kd4 77. Kf4 Ba6 78.
Rd5+ Kc4 79. Ke3 Bb7 80. Rd4+ Kc5 81. Bxb7 Kb6 82. Be4 Kc5 83. Kd3 Kb6 84. Kc4
Ka5 85. Bc6 Kb6 86. Bb5 Kc7 87. Kc5 Kb7 88. Rd7+ Kc8 89. Kb6 Kb8 90. Rd8# 1-0

[Event "Titled Tue 26th Aug Late"]
[Site "chess.com INT"]
[Date "2025.08.26"]
[Round "8"]
[White "Murawski, Jan"]
[Black "Baches Garcia, Guillermo"]
[Result "1/2-1/2"]
[WhiteTitle "CM"]
[BlackTitle "IM"]
[WhiteElo "2189"]
[BlackElo "2305"]
[WhiteFideId "21009287"]
[BlackFideId "2209764"]
[EventDate "2025.08.26"]

1. c4 e6 2. Nc3 d5 3. d4 Bb4 4. cxd5 exd5 5. Qa4+ Nc6 6. Nf3 Nf6 7. Bd2 O-O 8.
h3 a6 9. e3 Re8 10. Bd3 Bd6 11. O-O Na7 12. Qc2 c6 13. a3 Be6 14. Na4 Qe7 15.
Nc5 Rad8 16. b4 Bc8 17. a4 Ne4 18. Rab1 f5 19. Rfc1 g5 20. b5 axb5 21. axb5 Nxb5
22. Bxb5 cxb5 23. Rxb5 g4 24. hxg4 fxg4 25. Ne1 Qh4 26. Nxe4 dxe4 27. Bb4 Qh2+
28. Kf1 Bd7 29. Rg5+ Kf8 30. Qc7 Qh1+ 31. Ke2 Bb5+ 32. Kd1 Ba4+ 33. Rc2 Bxc2+
34. Kc1 Qxe1+ 35. Bxe1 Bxc7 36. Kxc2 Ke7 37. Bb4+ Bd6 38. Bxd6+ Rxd6 39. Rxg4
Rc8+ 40. Kd2 Re6 41. Rg7+ Kd6 42. Rxb7 Rc7 43. Rb6+ Ke7 44. Rb5 Rf6 45. f3 exf3
46. gxf3 Rxf3 47. Rh5 Rf7 48. Kd3 Rd7 49. Rh6 Kf8 50. Rh5 Kg7 51. e4 Kg6 52. Rh1
Rf3+ 53. Kc4 Rf4 54. Re1 h5 55. d5 h4 56. Kc5 Kf6 57. e5+ Kf5 58. e6 Re7 59. Kd6
Re8 60. Kd7 Rg8 61. e7 Rd4 62. d6 h3 63. e8=Q Rxe8 64. Rxe8 h2 65. Rh8 Rd2 66.
Kc7 Kg4 67. d7 Kg3 68. d8=Q Rxd8 69. Kxd8 Kg2 70. Rg8+ Kf2 71. Rf8+ Kg2 72. Rg8+
Kf2 73. Rh8 Kg2 74. Rxh2+ Kxh2 1/2-1/2

[Event "Titled Tue 26th Aug Late"]
[Site "chess.com INT"]
[Date "2025.08.26"]
[Round "8"]
[White "Jimenez Salas, Maria Teresa"]
[Black "Jahnz, Laurin"]
[Result "1/2-1/2"]
[WhiteTitle "WIM"]
[BlackTitle "CM"]
[WhiteElo "2249"]
[BlackElo "2219"]
[WhiteFideId "3843866"]
[BlackFideId "16261089"]
[EventDate "2025.08.26"]

1. e4 c5 2. Nf3 Nc6 3. d4 cxd4 4. Nxd4 Nf6 5. Nc3 e5 6. Ndb5 d6 7. Bg5 a6 8. Na3
b5 9. Nd5 Be7 10. Bxf6 Bxf6 11. c3 Rb8 12. Nc2 Bg5 13. a4 bxa4 14. Ncb4 Nxb4 15.
Nxb4 Bd7 16. Qxd6 Be7 17. Qxe5 O-O 18. Bxa6 Re8 19. Qd4 Bf6 20. Qd3 Qa5 21. O-O
Be6 22. Nc6 Qb6 23. Nxb8 Rxb8 24. Bc4 Rd8 25. Qe2 Bd7 26. Rfd1 Qc6 27. Rd5 Rb8
28. Rd2 h6 29. h3 Be5 30. Bd5 Qc7 31. Qf3 Be8 32. Rad1 Bh2+ 33. Kh1 Bf4 34. Rc2
Be5 35. g3 Bb5 36. Kg2 Qe7 37. Rcd2 Be8 38. Ba2 Bf6 39. c4 Bxb2 40. Rb1 a3 41.
Rc2 Rc8 42. c5 Bc6 43. Re1 Be5 44. Qf5 Rd8 45. Bxf7+ Kf8 46. Ba2+ Bf6 47. Kg1
Qe5 48. Qxe5 Bxe5 49. f4 Bd4+ 50. Kg2 Ke7 51. Rc4 Bb2 52. Rc2 Rb8 53. Ree2 Bd4
54. Bd5 Bb5 55. Red2 Bb2 56. Rxb2 axb2 57. Rxb2 Kd8 58. Kf2 Kc7 59. Ke3 Kc8 60.
Kd4 Kc7 61. Bc4 Rd8+ 62. Kc3 Bc6 63. Rd2 Ra8 64. Re2 Ra3+ 65. Kd4 Ra4 66. e5 Bb5
67. Rc2 Bc6 68. e6 Ra3 69. Rc3 Ra1 70. e7 Kd7 71. Re3 Ke8 72. Bf7+ Kxf7 73.
e8=Q+ Bxe8 74. Kd5 Rc1 75. Kd6 Bb5 76. Re7+ Kf6 77. Rb7 Rd1+ 78. Kc7 Rd7+ 79.
Kb6 Rxb7+ 80. Kxb7 Ke6 81. c6 Kd6 82. c7 Bd7 83. c8=Q Bxc8+ 84. Kxc8 Kd5 85. Kd7
Ke4 86. Ke6 Kf3 87. Kf7 Kxg3 88. Kxg7 Kxf4 89. Kxh6 Kf5 90. h4 Kf6 91. Kh7 Kf7
92. h5 Kf8 93. h6 Kf7 94. Kh8 Kf8 95. h7 Kf7 1/2-1/2

[Event "Titled Tue 26th Aug Late"]
[Site "chess.com INT"]
[Date "2025.08.26"]
[Round "9"]
[White "Garcia Correa, Jose Ricardo"]
[Black "Pereyra, Horacio"]
[Result "0-1"]
[WhiteTitle "FM"]
[WhiteElo "2103"]
[BlackElo "2133"]
[WhiteFideId "5101832"]
[BlackFideId "113700"]
[EventDate "2025.08.26"]

1. e4 c6 2. d4 d5 3. Nc3 dxe4 4. Nxe4 Nf6 5. Ng5 Bf5 6. N1f3 Nbd7 7. Bd3 Bxd3 8.
Qxd3 e6 9. Bd2 Bd6 10. O-O-O O-O 11. h4 Qc7 12. Kb1 Rad8 13. g4 Bf4 14. Bb4 c5
15. Ba3 b5 16. Qxb5 Rb8 17. Qd3 c4 18. Qc3 Nd5 19. Qe1 Bd6 20. Bxd6 Qxd6 21. Ne4
Qa3 22. b3 cxb3 23. cxb3 Rxb3+ 24. axb3 Qxb3+ 25. Kc1 Rc8+ 26. Kd2 Rc2# 0-1

[Event "Titled Tue 26th Aug Late"]
[Site "chess.com INT"]
[Date "2025.08.26"]
[Round "9"]
[White "Bhatia, Kanishka"]
[Black "Nicot, Valentin"]
[Result "1-0"]
[WhiteTitle "WCM"]
[BlackTitle "CM"]
[WhiteElo "2067"]
[BlackElo "2140"]
[WhiteFideId "2410095"]
[BlackFideId "651002477"]
[EventDate "2025.08.26"]

1. e4 g6 2. d4 Bg7 3. Be3 d6 4. f3 a6 5. Qd2 b5 6. c3 Bb7 7. Na3 Nd7 8. c4 bxc4
9. Bxc4 e6 10. Ne2 Ne7 11. O-O O-O 12. Rac1 d5 13. Bd3 Nf6 14. e5 Nd7 15. Bh6 c5
16. Bxg7 Kxg7 17. Rfe1 Rc8 18. Bb1 cxd4 19. Nxd4 Qb6 20. Qf2 Rxc1 21. Rxc1 Nxe5
22. Nf5+ 1-0

[Event "Titled Tue 26th Aug Late"]
[Site "chess.com INT"]
[Date "2025.08.26"]
[Round "9"]
[White "Livaic, Leon"]
[Black "Germanovs, Georgijs"]
[Result "1-0"]
[WhiteTitle "GM"]
[BlackTitle "CM"]
[WhiteElo "2550"]
[BlackElo "2260"]
[WhiteFideId "14531534"]
[BlackFideId "11609710"]
[EventDate "2025.08.26"]

1. d4 Nf6 2. c4 c5 3. d5 b5 4. cxb5 a6 5. bxa6 Bxa6 6. Nc3 g6 7. e4 Bxf1 8. Kxf1
d6 9. Nf3 Bg7 10. g3 O-O 11. Kg2 Nbd7 12. Re1 Ra6 13. e5 Ng4 14. e6 fxe6 15. Qe2
Nge5 16. Nxe5 Nxe5 17. Qxa6 exd5 18. f4 d4 19. fxe5 dxc3 20. bxc3 dxe5 21. Qc4+
Kh8 22. Qe4 Qa5 23. Be3 Qxc3 24. a4 c4 25. a5 Qb2+ 26. Kh1 h5 27. a6 Bh6 28.
Bxh6 Kh7 29. Bxf8 1-0

[Event "Titled Tue 26th Aug Late"]
[Site "chess.com INT"]
[Date "2025.08.26"]
[Round "9"]
[White "Bardyk, Artem"]
[Black "Bortnyk, Olexandr"]
[Result "0-1"]
[WhiteTitle "FM"]
[BlackTitle "GM"]
[WhiteElo "2332"]
[BlackElo "2601"]
[WhiteFideId "34349979"]
[BlackFideId "14120828"]
[EventDate "2025.08.26"]

1. e4 Nf6 2. e5 Nd5 3. c4 Nb6 4. d4 d6 5. f4 g5 6. Nc3 Bg7 7. Nf3 dxe5 8. Nxe5
Nc6 9. c5 Nd5 10. Bc4 Be6 11. O-O Bxe5 12. dxe5 Nxc3 13. Qxd8+ Rxd8 14. Bxe6
Ne2+ 15. Kf2 Nxc1 0-1

[Event "Titled Tue 26th Aug Late"]
[Site "chess.com INT"]
[Date "2025.08.26"]
[Round "9"]
[White "Buchenau, Frank"]
[Black "Mesquita, Eduardo Barbosa"]
[Result "1-0"]
[WhiteTitle "FM"]
[WhiteElo "2205"]
[BlackElo "2060"]
[WhiteFideId "4604350"]
[BlackFideId "22757163"]
[EventDate "2025.08.26"]

1. e4 c5 2. g3 Nf6 3. e5 Nd5 4. Bg2 e6 5. Nf3 d6 6. O-O Nc6 7. exd6 Bxd6 8. d4
cxd4 9. Nxd4 O-O 10. Nxc6 bxc6 11. c4 Nb6 12. Bxc6 Rb8 13. Nd2 Qc7 14. Bg2 Rd8
15. Qe2 Bb7 16. Bxb7 Rxb7 17. b3 Be5 18. Rb1 Nd7 19. Nf3 Bf6 20. Bf4 e5 21. Bg5
Bxg5 22. Nxg5 Nf6 23. Rfe1 Re8 24. Ne4 Nd7 25. Rbd1 Rb6 26. Qd3 Nf8 27. Nd6 Rd8
28. Nb5 Rxd3 29. Nxc7 Rxd1 30. Rxd1 f6 31. Rd8 Kf7 32. Ra8 Rb7 33. Nb5 Kg6 34.
Rxf8 1-0

[Event "Titled Tue 26th Aug Late"]
[Site "chess.com INT"]
[Date "2025.08.26"]
[Round "9"]
[White "Liu, Zachary Hankun"]
[Black "Young, Cohen"]
[Result "1-0"]
[BlackTitle "CM"]
[WhiteElo "1998"]
[BlackElo "2030"]
[WhiteFideId "2640287"]
[BlackFideId "4317440"]
[EventDate "2025.08.26"]

1. e4 c5 2. Nf3 d6 3. d4 cxd4 4. Nxd4 Nf6 5. Nc3 Nc6 6. Bg5 e6 7. Qd2 a6 8.
O-O-O Bd7 9. Kb1 Be7 10. f3 Qc7 11. h4 h6 12. Be3 h5 13. Bg5 b5 14. Nxc6 Bxc6
15. Ne2 d5 16. e5 Ng8 17. Nd4 Bd7 18. Bxe7 Nxe7 19. Qg5 Ng6 20. f4 Qd8 21. Qg3
Rb8 22. Bd3 Rh6 23. f5 exf5 24. Bxf5 Nf8 25. Qxg7 Rhb6 26. Rhf1 R8b7 27. Bxd7+
Qxd7 28. Nf5 Kd8 29. Qxf8+ 1-0

[Event "Titled Tue 26th Aug Late"]
[Site "chess.com INT"]
[Date "2025.08.26"]
[Round "9"]
[White "Adharsh K"]
[Black "Tsvetkov, Andrey"]
[Result "1-0"]
[WhiteTitle "FM"]
[BlackTitle "IM"]
[WhiteElo "2346"]
[BlackElo "2403"]
[WhiteFideId "25718207"]
[BlackFideId "34139360"]
[EventDate "2025.08.26"]

1. Nf3 d5 2. g3 c6 3. Bg2 Bg4 4. O-O Nd7 5. h3 Bh5 6. d3 Ngf6 7. Nc3 e5 8. e4
Bd6 9. exd5 Nxd5 10. Ne4 Be7 11. g4 Bg6 12. Re1 O-O 13. Ng3 f6 14. d4 Bd6 15.
Nh4 Bf7 16. Nhf5 Bc7 17. c4 N5b6 18. b3 exd4 19. Nxd4 Ne5 20. Bb2 Qd7 21. Qc2
Rad8 22. Rad1 Qc8 23. Ndf5 Rfe8 24. f4 Ng6 25. Nxg7 Kxg7 26. Nh5+ Kf8 27. Nxf6
Rxe1+ 28. Rxe1 Bxf4 29. Nxh7+ Kg8 30. Nf6+ Kf8 31. Nh7+ Kg8 32. Qc3 Ne5 33. Nf6+
Kf8 34. Rxe5 Bxe5 35. Qxe5 Qe6 36. Ba3+ Kg7 37. Nh5+ 1-0

[Event "Titled Tue 26th Aug Late"]
[Site "chess.com INT"]
[Date "2025.08.26"]
[Round "9"]
[White "Miserendino, Alfredo"]
[Black "Benedek, Istvan"]
[Result "0-1"]
[BlackTitle "CM"]
[WhiteElo "2032"]
[BlackElo "2214"]
[WhiteFideId "101800"]
[BlackFideId "1230263"]
[EventDate "2025.08.26"]

1. e4 c5 2. Nf3 g6 3. d4 cxd4 4. Qxd4 Nf6 5. e5 Nc6 6. Qa4 Nd5 7. Qe4 Nb6 8. Nc3
d5 9. exd6 Bf5 10. dxe7 Bxe7 11. Qe3 Nb4 12. Bb5+ Kf8 13. Qh6+ Kg8 14. O-O Nxc2
15. Be3 Nxa1 16. Bd4 Bf6 17. Rxa1 Bxd4 18. Rd1 Qf8 19. Qxf8+ Kxf8 20. Rxd4 Kg7
21. g4 Be6 22. g5 Rad8 23. Rf4 a6 24. Bf1 Nd5 25. Nxd5 Rxd5 0-1

[Event "Titled Tue 26th Aug Late"]
[Site "chess.com INT"]
[Date "2025.08.26"]
[Round "9"]
[White "Pribelszky, Bence"]
[Black "Kawka, Milena"]
[Result "1-0"]
[WhiteTitle "IM"]
[BlackTitle "WCM"]
[WhiteElo "2428"]
[BlackElo "2017"]
[WhiteFideId "769738"]
[BlackFideId "21095167"]
[EventDate "2025.08.26"]

1. f4 d5 2. Nf3 g6 3. e3 Bg7 4. Be2 Nf6 5. O-O O-O 6. b3 c5 7. Bb2 Nc6 8. Ne5 d4
9. Nxc6 bxc6 10. Bf3 Qd6 11. Na3 Ba6 12. d3 dxe3 13. Qe2 Nd5 14. Bxg7 Nxf4 15.
Qxe3 Kxg7 16. Bxc6 Qxc6 17. Rxf4 Qd6 18. Re1 e6 19. Qe5+ Qxe5 20. Rxe5 Rac8 21.
Ra4 Rc6 22. Ra5 Rfc8 23. Nb1 Kf6 24. Re4 Ke7 25. Rea4 Bb7 26. Rxa7 R8c7 27. Nc3
Rb6 28. Rh4 h5 29. a4 Kd7 30. a5 Rb4 31. Rxb4 cxb4 32. Nb5 Rxc2 33. Rxb7+ Kc8
34. Nd6+ Kd8 35. Nxf7+ Ke8 36. Nd6+ Kf8 37. Rxb4 Rc3 38. a6 Ke7 39. a7 Rc1+ 40.
Kf2 Ra1 41. Rb6 Kd7 42. Nb5 Ra2+ 43. Ke3 g5 44. Rb8 1-0

[Event "Titled Tue 26th Aug Late"]
[Site "chess.com INT"]
[Date "2025.08.26"]
[Round "9"]
[White "Yagiz, Yasin Emrah"]
[Black "Poeta, Caio Medeiros"]
[Result "1-0"]
[WhiteTitle "FM"]
[WhiteElo "2107"]
[BlackElo "2160"]
[WhiteFideId "6303684"]
[BlackFideId "2142660"]
[EventDate "2025.08.26"]

1. Nf3 Nf6 2. c4 c5 3. g3 d5 4. cxd5 Nxd5 5. Bg2 Nc6 6. O-O e5 7. Nc3 Nc7 8. d3
f6 9. Be3 Be7 10. Rc1 O-O 11. a3 Be6 12. Na4 b6 13. Nd2 Qd7 14. b4 Nd5 15. bxc5
Nxe3 16. fxe3 Na5 17. cxb6 Rad8 18. Rc7 Qd6 19. Rxa7 Nc6 20. Rc7 Nb8 21. Ne4
Qxa3 22. Qa1 Qb4 23. Rb1 Qa3 24. Nac5 Bxc5 25. Nxc5 Qxa1 26. Rxa1 Bg4 27. Raa7
Bf5 28. Rxg7+ Kh8 29. Be4 Bxe4 30. Nxe4 Rfe8 31. Rxh7+ 1-0

[Event "Titled Tue 26th Aug Late"]
[Site "chess.com INT"]
[Date "2025.08.26"]
[Round "9"]
[White "Manukian, Artak"]
[Black "Arkadan, Adib"]
[Result "1-0"]
[BlackTitle "CM"]
[WhiteElo "2104"]
[BlackElo "2215"]
[WhiteFideId "13301373"]
[BlackFideId "5304946"]
[EventDate "2025.08.26"]

1. e4 c5 2. Nf3 e6 3. c3 d5 4. e5 f5 5. d4 Nc6 6. a3 cxd4 7. cxd4 Bd7 8. b4 Qb6
9. Nc3 Nge7 10. Na4 Qd8 11. Nc5 Bc8 12. Ng5 Qb6 13. Ngxe6 Ng6 14. Nxf8 Kxf8 15.
Bb2 Nd8 16. Bd3 Ne7 17. O-O Qg6 18. f4 Ne6 19. Rf3 b6 20. Nxe6+ Bxe6 21. Rg3 Qh6
22. Qd2 Kf7 23. Be2 g6 24. Rc1 Rac8 25. Rgc3 Rhd8 26. g3 Qf8 27. b5 Qe8 28. a4
Qd7 29. Ba3 Rxc3 30. Rxc3 Rc8 31. Qc1 Rxc3 32. Qxc3 Qc8 33. Qxc8 Nxc8 34. Kf2
Bd7 35. Ke3 Ne7 36. Kd2 Ng8 37. Bf3 Ke6 38. Kc3 h6 39. Bf8 g5 40. Kb4 Kf7 41.
Bd6 Ke6 42. Bb8 1-0

[Event "Titled Tue 26th Aug Late"]
[Site "chess.com INT"]
[Date "2025.08.26"]
[Round "9"]
[White "Tica, Sven"]
[Black "Shurakov, Denis"]
[Result "1-0"]
[WhiteTitle "IM"]
[BlackTitle "CM"]
[WhiteElo "2442"]
[BlackElo "2085"]
[WhiteFideId "14526948"]
[BlackFideId "4149734"]
[EventDate "2025.08.26"]

1. Nf3 Nf6 2. g3 e6 3. Bg2 b6 4. O-O Bb7 5. d3 d5 6. Nbd2 Be7 7. Re1 O-O 8. e4
dxe4 9. Ng5 Nbd7 10. Ngxe4 Nxe4 11. Nxe4 Kh8 12. Qe2 c5 13. Be3 Qc8 14. Rad1 Nf6
15. Bg5 Qd8 16. Nxf6 Bxg2 17. Nxh7 Bxg5 18. Nxg5 Qxg5 19. Kxg2 Qd5+ 20. Qf3 Qxa2
21. Re4 Qd5 22. c4 Qf5 23. Rf4 Qg6 24. Re1 Rad8 25. Ree4 f5 26. Re5 Kg8 27. Qe2
Rfe8 28. h4 Qf6 29. h5 Kf7 30. g4 1-0

[Event "Titled Tue 26th Aug Late"]
[Site "chess.com INT"]
[Date "2025.08.26"]
[Round "9"]
[White "Almagro Mazariegos, Sebastian"]
[Black "Tang, Austin"]
[Result "0-1"]
[WhiteTitle "FM"]
[WhiteElo "2259"]
[BlackElo "1920"]
[WhiteFideId "2221640"]
[BlackFideId "30964580"]
[EventDate "2025.08.26"]

1. d4 Nf6 2. Nf3 g6 3. g3 Bg7 4. Bg2 O-O 5. O-O d5 6. c4 c6 7. Nc3 dxc4 8. Qa4
b5 9. Qc2 Bg4 10. Ne5 Qxd4 11. Nxc6 Nxc6 12. Bxc6 Rac8 13. Bxb5 Nd5 14. Rd1 Nxc3
15. Rxd4 Nxe2+ 16. Kg2 Bf3+ 17. Kf1 Nxd4 18. Qa4 Be2+ 19. Kg2 c3 20. Bxe2 Nxe2
21. Qa6 Nxc1 22. Rxc1 cxb2 23. Rb1 Rc1 24. Qd3 Rxb1 25. Qxb1 Rc8 26. Qd3 Rc1 27.
Qd8+ Bf8 0-1

[Event "Titled Tue 26th Aug Late"]
[Site "chess.com INT"]
[Date "2025.08.26"]
[Round "9"]
[White "Chen, Yidong"]
[Black "Jimenez Salas, Maria Teresa"]
[Result "0-1"]
[BlackTitle "WIM"]
[WhiteElo "2068"]
[BlackElo "2249"]
[WhiteFideId "8607028"]
[BlackFideId "3843866"]
[EventDate "2025.08.26"]

1. d4 d5 2. Nf3 Nf6 3. c4 c6 4. g3 Bf5 5. cxd5 cxd5 6. Qb3 Qb6 7. Qxb6 axb6 8.
Nc3 Nc6 9. Nb5 Ra5 10. Na3 e6 11. Bd2 Bxa3 12. bxa3 Rxa3 13. e3 Ne4 14. Nh4 O-O
15. Nxf5 exf5 16. Bb5 Rfa8 17. f3 Nxd2 18. Kxd2 Rxa2+ 19. Rxa2 Rxa2+ 20. Kc3 g6
21. h3 Rf2 22. Rf1 Rh2 23. h4 Rg2 24. Bxc6 bxc6 25. Rb1 Rxg3 26. Rxb6 Rxf3 27.
Kd2 Rh3 28. Rxc6 Rxh4 29. Rd6 Rh2+ 30. Kd3 h5 31. Rxd5 h4 32. Rd8+ Kg7 33. d5 h3
34. d6 Rh1 35. d7 Rd1+ 36. Ke2 Rd6 37. Kf3 h2 38. Kg2 Rd2+ 39. Kh1 g5 40. e4
fxe4 41. Rg8+ Kxg8 0-1

[Event "Titled Tue 26th Aug Late"]
[Site "chess.com INT"]
[Date "2025.08.26"]
[Round "9"]
[White "Zampronha, Wladimir Camilo"]
[Black "Ono, David"]
[Result "0-1"]
[WhiteElo "2157"]
[BlackElo "2110"]
[WhiteFideId "2103087"]
[BlackFideId "146943"]
[EventDate "2025.08.26"]

1. e4 e5 2. f3 Nc6 3. Bc4 Nf6 4. d3 d5 5. Bb3 Bc5 6. c3 O-O 7. Qe2 Re8 8. Be3 d4
9. Bg5 h6 10. Bxf6 Qxf6 11. c4 a5 12. Ba4 Bd7 13. a3 Qg6 14. Nd2 Rf8 15. g4 h5
16. h3 Nb8 17. Bxd7 Nxd7 18. Qg2 Be7 19. Ne2 Nc5 20. Nc1 Bh4+ 21. Ke2 Ne6 22.
Qh2 Nf4+ 23. Kd1 Rab8 24. a4 c6 25. Kc2 Rfc8 26. Ne2 Bg5 27. Nxf4 Bxf4 28. Qe2
b5 29. b3 h4 30. axb5 cxb5 31. Rxa5 bxc4 32. Nxc4 Qb6 33. Ra3 Qb4 34. Kb2 Qc3+
35. Ka2 Ra8 36. Qb2 Qxd3 37. Qb1 Qxf3 0-1

[Event "Titled Tue 26th Aug Late"]
[Site "chess.com INT"]
[Date "2025.08.26"]
[Round "9"]
[White "Bluebaum, Matthias"]
[Black "Gabrielian, Artur"]
[Result "1-0"]
[WhiteTitle "GM"]
[BlackTitle "GM"]
[WhiteElo "2660"]
[BlackElo "2407"]
[WhiteFideId "24651516"]
[BlackFideId "4131002"]
[EventDate "2025.08.26"]

1. d4 Nf6 2. c4 e6 3. Nc3 d5 4. cxd5 exd5 5. Bg5 Be7 6. e3 h6 7. Bf4 O-O 8. Bd3
c5 9. Nf3 Nc6 10. O-O cxd4 11. Nxd4 Nxd4 12. exd4 Bd6 13. Be5 Re8 14. f4 Bg4 15.
Qb3 Rb8 16. Rae1 a6 17. f5 Bxe5 18. dxe5 d4 19. Bc4 dxc3 20. Bxf7+ Kh8 21. Bxe8
Qd4+ 22. Kh1 Ne4 23. Qc2 Nd2 24. bxc3 Qd8 25. Rf4 Qxe8 26. Qxd2 Rd8 27. Qe3 Bd1
28. f6 1-0

[Event "Titled Tue 26th Aug Late"]
[Site "chess.com INT"]
[Date "2025.08.26"]
[Round "9"]
[White "Papasimakopoulos, Alexandros"]
[Black "Popov, Konstantin"]
[Result "0-1"]
[WhiteTitle "IM"]
[BlackTitle "IM"]
[WhiteElo "2361"]
[BlackElo "2397"]
[WhiteFideId "4244125"]
[BlackFideId "34137910"]
[EventDate "2025.08.26"]

1. d4 Nf6 2. c4 e6 3. Nc3 Bb4 4. Qb3 c5 5. dxc5 Bxc5 6. Nf3 Nc6 7. Bg5 b6 8. e3
Bb7 9. Be2 h6 10. Bh4 Be7 11. O-O O-O 12. Rfd1 Rc8 13. Qa4 a6 14. Rd2 Qc7 15.
Rad1 d6 16. Bxf6 Bxf6 17. Rxd6 Ne5 18. Nxe5 Bxe5 19. Rd7 Qb8 20. h3 Bc6 21. Qxa6
Bxd7 22. Rxd7 Bxc3 23. bxc3 Qe5 24. Qxb6 Qxc3 25. Qd4 Qe1+ 26. Bf1 Rb8 27. Qd2
Qa1 28. c5 Rb2 29. Qd4 Qc1 30. Rd8 Rxd8 31. Qxd8+ Kh7 32. Qd3+ f5 33. Qa6 Qe1
34. f3 Qxe3+ 35. Kh2 Qe5+ 36. Kh1 Rb1 37. c6 Rc1 38. a4 Qd5 39. Kh2 Qd6+ 40. Kg1
Rxc6 41. Qe2 Qd4+ 42. Kh2 Qf4+ 43. g3 Qxa4 0-1

[Event "Titled Tue 26th Aug Late"]
[Site "chess.com INT"]
[Date "2025.08.26"]
[Round "9"]
[White "Rustemov, Alexander"]
[Black "Mizzi, Jack"]
[Result "1-0"]
[WhiteTitle "GM"]
[BlackTitle "CM"]
[WhiteElo "2525"]
[BlackElo "2130"]
[WhiteFideId "4119002"]
[BlackFideId "5602521"]
[EventDate "2025.08.26"]

1. d4 Nf6 2. c4 e6 3. Nf3 d5 4. cxd5 exd5 5. Nc3 c6 6. Bf4 Bd6 7. Bxd6 Qxd6 8.
Qc2 g6 9. e3 Bf5 10. Qb3 b6 11. Rc1 Nbd7 12. Be2 O-O 13. O-O Rfe8 14. Rfd1 Bg4
15. h3 Bxf3 16. Bxf3 Nf8 17. Qa3 Qxa3 18. bxa3 Ne6 19. Rc2 Rac8 20. Rdc1 Rc7 21.
Nxd5 Nxd5 22. Bxd5 cxd5 23. Rxc7 Nxc7 24. Rxc7 Kf8 25. Kf1 Re7 26. Rc8+ Re8 27.
Rxe8+ Kxe8 28. Ke2 Kd7 29. Kd3 Kc6 30. e4 dxe4+ 31. Kxe4 f6 32. g4 h6 33. h4 Kd6
34. h5 f5+ 35. gxf5 gxh5 36. Kf4 b5 37. Kg3 Ke7 38. d5 a5 39. Kh4 Kf6 40. d6 Kf7
41. Kxh5 Ke8 42. f6 Kf7 43. d7 1-0

[Event "Titled Tue 26th Aug Late"]
[Site "chess.com INT"]
[Date "2025.08.26"]
[Round "9"]
[White "Gkavardinas, Antonios"]
[Black "Peek, Maurice"]
[Result "1-0"]
[WhiteTitle "FM"]
[BlackTitle "IM"]
[WhiteElo "2297"]
[BlackElo "2381"]
[WhiteFideId "25883097"]
[BlackFideId "1004239"]
[EventDate "2025.08.26"]

1. b3 Nc6 2. Bb2 e5 3. c4 Nf6 4. g3 g6 5. Bg2 Bg7 6. Nc3 O-O 7. e3 d6 8. Nge2
Re8 9. O-O Ne7 10. d4 c6 11. Qc2 Qc7 12. Rad1 Bf5 13. e4 Bg4 14. h3 exd4 15.
hxg4 dxc3 16. Qxc3 Nh5 17. Qd2 Bxb2 18. Qxb2 Ng7 19. Nf4 Rad8 20. Rd2 Rf8 21.
Rfd1 Ne6 22. Qf6 Nxf4 23. gxf4 Nc8 24. e5 Rfe8 25. exd6 Qd7 26. f5 c5 27. Rd3
Nb6 28. Re3 Rxe3 29. fxe3 Nc8 30. e4 Re8 31. e5 Qd8 32. Qxd8 Rxd8 33. Bxb7 Nb6
34. e6 fxe6 35. fxe6 1-0